POLYFUNKČNÝ OBJEKT TOMÁŠIKOVA, Bratislava – Nové Mesto

Enregistré dans:
Détails bibliographiques
Auteur principal: Chovanec, Vladimír (Auteur)
Autres auteurs: Petro, Marek (Directeur de thèse)
Format: Manuscrit Livre
Langue:slovaque
Publié: 2022
Sujets:
Accès en ligne:http://is.stuba.sk/zp/portal_zp.pl?podrobnosti=164563
https://opac.crzp.sk/?fn=detailBiblioForm&sid=2990E1F3D3E2554671813259E9F3
Tags: Ajouter un tag
Pas de tags, Soyez le premier à ajouter un tag!

MARC

LEADER 00000ntm a22000003a 4500
001 stuzp90907
003 SK-STU
005 20230503141049.5
007 ta
008 150427s2015----xo-----f-mn---000-0-slo-d
040 |a STU  |b slo 
041 0 |a slo 
100 1 |a Chovanec, Vladimír  |u 010270  |4 aut  |U SvF Stavebná fakulta  |T SvF Katedra technológie stavieb  |X 92854  |U V270  |Y 28  |7 92854 
242 0 1 |a POLYFUNCTIONAL OBJECT TOMÁŠIKOVA, Bratislava –New City  |y eng 
245 1 0 |a POLYFUNKČNÝ OBJEKT TOMÁŠIKOVA, Bratislava – Nové Mesto 
260 |c 2022 
650 4 |a zariadenie staveniska  |2 slo 
650 4 |a POV  |2 slo 
650 4 |a časový plán  |2 slo 
650 4 |a obklady a dlažby  |2 slo 
650 4 |a timetable  |2 eng 
650 4 |a tiles and paving  |2 eng 
650 4 |a POV  |2 eng 
650 4 |a construction site facility  |2 eng 
700 1 |a Petro, Marek  |u 010270  |k Z1  |4 ths  |U SvF Stavebná fakulta  |T SvF Katedra technológie stavieb  |X 18958  |U V270  |Y 28  |7 A000018958 
856 4 |u http://is.stuba.sk/zp/portal_zp.pl?podrobnosti=164563 
856 4 |u https://opac.crzp.sk/?fn=detailBiblioForm&sid=2990E1F3D3E2554671813259E9F3